[Event "Leipzig VfB op 21st"]
[Site "Leipzig"]
[Date "2014.03.08"]
[Round "9"]
[White "Thalwitzer, Bernd"]
[Black "Weimert, Miriam"]
[Result "0-1"]
[WhiteElo "1730"]
[BlackElo "1385"]
[PlyCount "120"]
[EventDate "2014.03.04"]
[EventType "tourn"]
[EventRounds "9"]
[EventCountry "GER"]
[SourceTitle "CBM 159 Extra"]
[Source "ChessBase"]
[SourceDate "2014.04.24"]
[SourceVersion "1"]
[SourceVersionDate "2014.04.24"]
[SourceQuality "1"]

1. e4 c5 2. Nc3 Nc6 3. g3 d6 4. Bg2 Nf6 5. d3 g6 6. Be3 Bg7 7. Qc1 0-0 8. Bh6 Bd7 9. Bxg7 Kxg7 10. Nge2 a6 11. 0-0 b5 12. a3 Rc8 13. Nf4 Nd4 14. Qd1 b4 15. Ncd5 Bg4 16. f3 Bd7 17. c3 bxc3 18. bxc3 Nb5 19. a4 Nc7 20. Nxf6 exf6 21. Ne2 Re8 22. Qd2 d5 23. Rfd1 Qe7 24. Nf4 dxe4 25. dxe4 Rcd8 26. Qc2 Bc6 27. c4 Rxd1+ 28. Rxd1 Rd8 29. Nd5 Nxd5 30. cxd5 Be8 31. Qc4 Qd6 32. Bf1 Qb6 33. Kh1 a5 34. Rc1 Rc8 35. Qc2 Qb4 36. Bc4 Bxa4 37. Qa2 Bb5 38. d6 Bxc4 39. Qxc4 Rd8 40. Qxc5 Rxd6 41. Qxb4 axb4 42. Rb1 Rb6 43. Rb3 Kf8 44. Kg2 Ke7 45. Kf2 Kd6 46. Ke3 Kc5 47. Kd3 Rd6+ 48. Kc2 Kc4 49. Re3 Ra6 50. Kb2 Ra3 51. Rxa3 bxa3+ 52. Kxa3 Kd4 53. Kb2 Ke3 54. f4 Kxe4 55. Kc3 Kf3 56. Kd3 Kg2 57. Ke3 Kxh2 58. Kf3 Kh3 59. g4 Kh4 60. f5 g5 0-1

[Event "Leipzig VfB op 19th"]
[Site "Leipzig"]
[Date "2012.03.07"]
[Round "2"]
[White "Thalwitzer, Bernd"]
[Black "Graupner, Thomas"]
[Result "1-0"]
[WhiteElo "1731"]
[BlackElo "1894"]
[PlyCount "49"]
[EventDate "2012.03.06"]
[EventType "swiss"]
[EventRounds "9"]
[EventCountry "GER"]
[SourceTitle "CBM 147 Extra"]
[Source "ChessBase"]
[SourceDate "2012.04.24"]
[SourceVersion "1"]
[SourceVersionDate "2012.04.24"]
[SourceQuality "1"]

1. e4 c5 2. Nc3 Nc6 3. g3 g6 4. Bg2 Bg7 5. d3 Nf6 6. Be3 d6 7. h3 0-0 8. g4 Qa5 9. Qc1 Nd4 10. Bd2 Qd8 11. Nce2 e6 12. Ng3 Rb8 13. f4 Nd7 14. N1e2 Nxe2 15. Kxe2 f5 16. g5 e5 17. exf5 exf4 18. Bxf4 Ne5 19. Bd5+ Kh8 20. f6 Re8 21. fxg7+ Kxg7 22. Ne4 b6 23. Qf1 Nf7 24. Kd2 Bf5 25. Bxf7 1-0

[Event "GER-ch Seniors 23rd"]
[Site "Halle"]
[Date "2011.08.08"]
[Round "4"]
[White "Ophoff, Rigobert"]
[Black "Thalwitzer, Bernd"]
[Result "1/2-1/2"]
[WhiteElo "2039"]
[BlackElo "1747"]
[PlyCount "54"]
[EventDate "2011.08.05"]
[EventType "swiss"]
[EventRounds "9"]
[EventCountry "GER"]
[SourceTitle "CBM 144 Extra"]
[Source "ChessBase"]
[SourceDate "2011.10.28"]
[SourceVersion "1"]
[SourceVersionDate "2011.10.28"]
[SourceQuality "1"]

1. d4 Nf6 2. c4 e6 3. Nf3 b6 4. g3 Bb7 5. Bg2 Bb4+ 6. Bd2 Be7 7. 0-0 0-0 8. Nc3 d5 9. cxd5 exd5 10. Bg5 Re8 11. e3 Nbd7 12. Ne5 h6 13. Nxd7 Qxd7 14. Bxf6 Bxf6 15. Qb3 c6 16. Qa4 b5 17. Qb3 a5 18. Rfc1 Ra7 19. Qc2 Qe7 20. Ne2 g5 21. Qc5 Qxc5 22. Rxc5 Be7 23. Rc2 Bd6 24. Bh3 Ba8 25. Nc1 Kg7 26. Bf5 Kf6 27. Bg4 Kg6 1/2-1/2

[Event "GER-ch Seniors 23rd"]
[Site "Halle"]
[Date "2011.08.07"]
[Round "3"]
[White "Thalwitzer, Bernd"]
[Black "Hartlaub, Marianne"]
[Result "1-0"]
[WhiteElo "1747"]
[BlackElo "1660"]
[PlyCount "44"]
[EventDate "2011.08.05"]
[EventType "swiss"]
[EventRounds "9"]
[EventCountry "GER"]
[SourceTitle "CBM 144 Extra"]
[Source "ChessBase"]
[SourceDate "2011.10.28"]
[SourceVersion "1"]
[SourceVersionDate "2011.10.28"]
[SourceQuality "1"]

1. e4 d6 2. d4 Nf6 3. Bd3 e5 4. c3 Be7 5. Ne2 0-0 6. 0-0 h6 7. Be3 c6 8. Nd2 Ng4 9. h3 Nxe3 10. fxe3 Bg5 11. Rf3 Be6 12. c4 Qa5 13. Nb3 Qc7 14. d5 Bd7 15. Ng3 Qb6 16. Nf1 a5 17. Rb1 Na6 18. a3 a4 19. Nbd2 Nc5 20. Qe2 cxd5 21. cxd5 Nxd3 22. Qxd3 Rac8 1-0

[Event "GER-ch Seniors 23rd"]
[Site "Halle"]
[Date "2011.08.05"]
[Round "1"]
[White "Thalwitzer, Bernd"]
[Black "Biller, Helmut"]
[Result "0-1"]
[WhiteElo "1747"]
[BlackElo "2132"]
[PlyCount "72"]
[EventDate "2011.08.05"]
[EventType "swiss"]
[EventRounds "9"]
[EventCountry "GER"]
[SourceTitle "CBM 144 Extra"]
[Source "ChessBase"]
[SourceDate "2011.10.28"]
[SourceVersion "1"]
[SourceVersionDate "2011.10.28"]
[SourceQuality "1"]

1. e4 e6 2. Qe2 d5 3. exd5 Qxd5 4. Nc3 Qd8 5. Nf3 Nc6 6. d3 Nf6 7. g3 Bd6 8. Bg2 0-0 9. 0-0 e5 10. Be3 Bg4 11. h3 Bd7 12. Qd2 Re8 13. Bg5 h6 14. Bxf6 Qxf6 15. Ne4 Qg6 16. Nh4 Qe6 17. Nxd6 Qxd6 18. Rfe1 Rad8 19. g4 Qf6 20. Nf3 e4 21. Nh2 exd3 22. Rxe8+ Bxe8 23. cxd3 Ne5 24. Be4 Bb5 25. Qb4 Bxd3 26. Qxb7 Bxe4 27. Qxe4 Rd2 28. Qa8+ Kh7 29. Qxa7 Nd3 30. Rf1 c5 31. Qd7 Qf4 32. Qf5+ Qxf5 33. gxf5 Rxb2 34. Ra1 c4 35. a4 c3 36. a5 c2 0-1

[Event "Leipzig VfB op 18th"]
[Site "Leipzig"]
[Date "2011.03.22"]
[Round "1"]
[White "Liebscher, Helmar"]
[Black "Thalwitzer, Bernd"]
[Result "1-0"]
[WhiteElo "2110"]
[BlackElo "1771"]
[PlyCount "53"]
[EventDate "2011.03.20"]
[EventType "swiss"]
[EventRounds "9"]
[EventCountry "GER"]
[SourceTitle "CBM 141 Extra"]
[Source "ChessBase"]
[SourceDate "2011.05.03"]
[SourceVersion "1"]
[SourceVersionDate "2011.05.03"]
[SourceQuality "1"]

1. e4 e6 2. d4 d5 3. Nd2 Nc6 4. Ngf3 Nf6 5. e5 Nd7 6. c3 f6 7. exf6 Qxf6 8. Bb5 Ncb8 9. 0-0 a6 10. Ba4 b5 11. Bc2 Be7 12. Nb3 Nc6 13. Re1 Nf8 14. Bg5 Qf7 15. Bxe7 Qxe7 16. Nc5 Nd8 17. Ne5 Nf7 18. Qh5 g6 19. Qe2 Nxe5 20. Qxe5 Rg8 21. Re3 Qg7 22. Qxd5 Rb8 23. Rae1 Rb6 24. Qa8 Kd8 25. Bb3 Qf6 26. Nxe6+ Kd7 27. Nc5+ 1-0

[Event "Leipzig VfB op 08th"]
[Site "Leipzig"]
[Date "2001.02.25"]
[Round "9"]
[White "Friesse, Bernhard"]
[Black "Thalwitzer, Bernd"]
[Result "1-0"]
[WhiteElo "1958"]
[BlackElo "1528"]
[PlyCount "119"]
[EventDate "2001.02.20"]
[EventType "swiss"]
[EventRounds "9"]
[EventCountry "GER"]
[SourceTitle "EXT 2008"]
[Source "ChessBase"]
[SourceDate "2007.11.25"]
[SourceVersion "1"]
[SourceVersionDate "2007.11.25"]
[SourceQuality "1"]

1. e4 e5 2. d4 exd4 3. Qxd4 Nc6 4. Qe3 d6 5. Nf3 Nge7 6. Bd2 Ng6 7. Nc3 Bd7 8. 0-0-0 Nce5 9. Nxe5 Nxe5 10. h3 h6 11. f4 Ng6 12. Bc4 Bc6 13. Rhe1 Be7 14. Nd5 0-0 15. Bc3 Bxd5 16. Bxd5 Nxf4 17. Kb1 Nxd5 18. Rxd5 Bh4 19. Rf1 Qe7 20. g3 Bg5 21. Qf3 Rae8 22. e5 b6 23. h4 f6 24. hxg5 fxe5 25. Qh1 Qxg5 26. Rg1 Rf7 27. Rdd1 Ref8 28. Bd2 Qf6 29. g4 g5 30. Qe4 Kg7 31. Qh1 Qe6 32. Qh3 Rf3 33. Qh1 c5 34. c4 Qxc4 35. Rge1 Qe6 36. Bc3 Qg6+ 37. Ka1 Kh7 38. Rd2 Qe6 39. Red1 Qxg4 40. Rxd6 Qh4 41. Qxh4 gxh4 42. Bxe5 R8f7 43. a3 h3 44. Ka2 Rf2 45. R1d3 R2f5 46. Re6 Rh5 47. Rd8 Rxe5 48. Rxe5 Kg6 49. Rd6+ Rf6 50. Rxf6+ Kxf6 51. Rh5 Kg6 52. Rxh3 Kg5 53. Rg3+ Kf4 54. Rg7 a5 55. Rg6 b5 56. Rxh6 Ke4 57. Rd6 b4 58. Kb3 Ke5 59. Rd8 Ke4 60. a4 1-0

[Event "Leipzig VfB op 08th"]
[Site "Leipzig"]
[Date "2001.02.24"]
[Round "8"]
[White "Thalwitzer, Bernd"]
[Black "Reichelt, Holger"]
[Result "1-0"]
[WhiteElo "1528"]
[BlackElo "1742"]
[PlyCount "95"]
[EventDate "2001.02.20"]
[EventType "swiss"]
[EventRounds "9"]
[EventCountry "GER"]
[SourceTitle "EXT 2008"]
[Source "ChessBase"]
[SourceDate "2007.11.25"]
[SourceVersion "1"]
[SourceVersionDate "2007.11.25"]
[SourceQuality "1"]

1. e4 d5 2. exd5 Nf6 3. d4 Qxd5 4. Nc3 Qa5 5. Bd2 c6 6. Bc4 Qc7 7. Nge2 Bf5 8. Qc1 e6 9. Bf4 Bd6 10. f3 h6 11. Bg3 Nbd7 12. Bb3 0-0 13. 0-0 b5 14. a3 a5 15. a4 b4 16. Nb1 Rab8 17. Nd2 e5 18. Nc4 Ne8 19. Re1 c5 20. dxe5 Nxe5 21. Nxd6 Qxd6 22. Qf4 c4 23. Qxf5 cxb3 24. Qxe5 Qb6+ 25. Bf2 Qb7 26. Bc5 f6 27. Qe6+ Rf7 28. Qxb3 Rc8 29. Qe3 Nc7 30. Nf4 Kh8 31. Ng6+ Kh7 32. Qd3 f5 33. Nf4 Na6 34. Bf2 b3 35. Qxb3 Qc7 36. Nd3 f4 37. Qe6 Rf6 38. Qe4+ Kh8 39. Ne5 Nb4 40. c3 Nc6 41. Ng6+ Kg8 42. Ne7+ Nxe7 43. Qxe7 Qc6 44. Bd4 Rg6 45. Qe2 h5 46. Qe4 Qd6 47. Rad1 Qa6 48. Qxf4 1-0